Dangers in the dust (Record no. 82566)

MARC details
000 -LEADER
fixed length control field 00895cab a22002055a 4500
001 - CONTROL NUMBER
control field L150580
008 - FIXED-LENGTH DATA ELEMENTS--GENERAL INFORMATION
fixed length control field 100730e2010 xxk 000 0 eng d
035 ## - SYSTEM CONTROL NUMBER
System control number (Sirsi) u150580
041 0# - LANGUAGE CODE
Language code of text/sound track or separate title eng
110 2# - MAIN ENTRY--CORPORATE NAME
Corporate name or jurisdiction name as entry element CMS Cameron McKenna
9 (RLIN) 5874
245 00 - TITLE STATEMENT
Title Dangers in the dust
Remainder of title global production of asbestos
Medium [electronic resource]
260 ## - PUBLICATION, DISTRIBUTION, ETC.
Date of publication, distribution, etc. 2010
490 ## - SERIES STATEMENT
Series statement Law-Now
520 ## - SUMMARY, ETC.
Summary, etc. Although the European Union has banned all types of asbestos and the United States has banned many asbestos products, global production of the mineral is still in full force, particularly in developing nations.
590 ## - LOCAL NOTE (RLIN)
Local note KA NTK
651 #4 - SUBJECT ADDED ENTRY--GEOGRAPHIC NAME
Geographic name International
690 ## - LOCAL SUBJECT ADDED ENTRY--TOPICAL TERM (OCLC, RLIN)
Topical term or geographic name as entry element MANAGEMENT-HEALTH AND SAFETY-HAZARDOUS SUBSTANCES-ASBESTOS
856 48 - ELECTRONIC LOCATION AND ACCESS
Uniform Resource Identifier <a href="https://www.law-now.com/DirectMail/%7B16F83F28-26F2-4F2B-B8C3-9F62A01BDBFE%7D_dangers220710.htm">https://www.law-now.com/DirectMail/%7B16F83F28-26F2-4F2B-B8C3-9F62A01BDBFE%7D_dangers220710.htm</a>
Public note View the website free of charge at www.law-now.com
942 ## - ADDED ENTRY ELEMENTS (KOHA)
Suppress in OPAC 0
Holdings
Withdrawn status Lost status Source of classification or shelving scheme Damaged status Not for loan Home library Current library Shelving location Date acquired Total Checkouts Full call number Barcode Date last seen Copy number Price effective from Koha item type
    Dewey Decimal Classification     Virtual Virtual Online 30/07/2010   ONLINE PUBLICATION 150580-2001 06/08/2019 1 06/08/2019 Book